000 00259nam a2200109Ia 4500
008 140130s9999 xx 000 0 und d
245 _cSchreiber, Anne
_aDid you see that rabbit
260 _bScholastic,
_c1998
440 _v1
942 _cBK
999 _c42043
_d42043